NLSUI OPAC header image

Private international law in English courts (Record no. 38351)

MARC details
000 -LEADER
fixed length control field 00876nam a2200217Ia 4500
003 - CONTROL NUMBER IDENTIFIER
control field OSt
005 - DATE AND TIME OF LATEST TRANSACTION
control field 20210323120845.0
008 - FIXED-LENGTH DATA ELEMENTS--GENERAL INFORMATION
fixed length control field 160316s2014 xxu||||| |||| 00| 0 eng d
020 ## - INTERNATIONAL STANDARD BOOK NUMBER
International Standard Book Number 9780198713739
040 ## - CATALOGING SOURCE
Transcribing agency n
082 ## - DEWEY DECIMAL CLASSIFICATION NUMBER
Classification number 340.900000
Item number BRI
100 ## - MAIN ENTRY--PERSONAL NAME
Personal name Briggs Adrian
245 ## - TITLE STATEMENT
Title Private international law in English courts
260 ## - PUBLICATION, DISTRIBUTION, ETC.
Place of publication, distribution, etc. London
Name of publisher, distributor, etc. Oxford University Press
Date of publication, distribution, etc. 2014
300 ## - PHYSICAL DESCRIPTION
Extent 1064p
Dimensions xlix
365 ## - TRADE PRICE
Price amount Rs. 20,514
505 ## - FORMATTED CONTENTS NOTE
Formatted contents note Table of Contents<br/>1:Introduction;<br/>2:European law techniques;<br/>3:Common law techniques;<br/>4:Jurisdiction;<br/>5:Judicial assistance;<br/>6:Foreign judgments;<br/>7:Contractual obligations;<br/>8:Non contractual obligations;<br/>9:Property;<br/>10:Corporations;<br/>11:Insolvency;<br/>12:Adult relationships;<br/>13:Children;<br/>14:Arbitration
650 ## - SUBJECT ADDED ENTRY--TOPICAL TERM
Topical term or geographic name entry element 1.Conflict of Laws - Private International Law - U K
700 ## - ADDED ENTRY--PERSONAL NAME
Personal name
--
942 ## - ADDED ENTRY ELEMENTS (KOHA)
Source of classification or shelving scheme Dewey Decimal Classification
Koha item type BOOKs
Holdings
Withdrawn status Lost status Damaged status Not for loan Home library Current library Shelving location Date acquired Cost, normal purchase price Total Checkouts Total Renewals Full call number Barcode Date last seen Date last checked out Price effective from Koha item type
        NLS NLS   30/05/2017 20514.00 1 11 340.9 BRI 32441 28/03/2025 03/03/2020 30/05/2017 BOOKs